000 01077nam a22003257a 4500
003 CHAP
005 20220817042106.0
008 971013s1942 r 00010 d
010 _a34283
011 _a35255
035 _a39371
040 _cCHAP
090 _aTesis
100 0 0 _aLuna Ruiz, Fermín.
_969112
245 _aPequeños ingenios para el incremento de la producción de piloncillo
260 _aChapingo, Méx. :
_bEl autor,
_c1942
300 _a24 h.
_b: ilus.
502 _aTesis (Ing. Agr. Esp. en Industrias Agrícolas) -- ENA. Departamento de Industrias Agrícolas
590 _aALEPH
_b10
_c20130110
_lUCH01
_h1259
590 _aBATCH-UPD
_b10
_c20130110
_lUCH01
_h2122
590 _aBATCH-UPD
_b10
_c20130410
_lUCH01
_h1432
590 _aBATCH-UPD
_b10
_c20130914
_lUCH01
_h1735
590 _aCONVERSION
_b10
_c20130109
_lUCH01
_h1319
650 1 7 _aPanela
_2
_988078
710 0 _aENA. Departamento de Industrias Agrícolas.
901 _aBK
942 _cFOLL
949 _bBC
_cTES
_d-89772
_eTS1
_i39371
_si
949 _bBC
_cTES
_d-89773
_eTS2
_fc.2
_i39371
_si
999 _c34283
_d34283